000 01933nam a22003497a 4500
001 703
005 20250815161636.0
020 _a9780194646284 (content book : w/ audio cd)
020 _a0194646289 (content book : w/ audio cd)
020 _a9780194646499 (Activity book)
020 _a0194646491 (Activity book)
040 _aDLC
_beng
_cDLC
_erda
_dFISKH
050 0 0 _aPZ7
082 _a428.6
100 _aBladon, Rachel
245 1 0 _aAt the beach
_cRachel Bladon ; illustrations by Kelly Kennedy.
260 _aOxford :
_bOxford University Press,
_c2012.
300 _a32 pages :
_bcolor illustrations ;
_c21 cm.
490 0 _aOxford read and discover. Discover! 1
505 _aH
520 _aThis exciting new series of non-fiction readers provides interesting and educational content, with activities and project work. The readers are graded at four levels, from 3 to 6, suitable for students from age 8 and older. They can support Content and Language Integrated Learning (CLIL), andcover a broad range of topics, within three curriculum areas:The World of Science and TechnologyThe Natural WorldThe World of Arts and Social StudiesAlso available for each reader:* Activity Book* Audio CD Pack (Reader and Audio CD)* Teacher's Notes and CLIL guidance at www.oup.com/elt/readanddiscoverThe Activity Book includes 16 pages of chapter-linked activities followed by after-reading whole book activities and a book review; focus on content, vocabulary, and grammar.
521 _a520
_bLexile
521 _aH
_bRaz-Plus
650 0 _aReaders (Primary)
650 0 _aEnglish language
_vProblems, exercises, etc.
_vJuvenile literature.
650 0 _aBeaches
_vJuvenile literature.
650 0 _aVocabulary
_vJuvenile literature.
650 0 _aWord games
_vJuvenile literature.
700 1 _aKennedy, Kelly
_c(Illustrator),
_eillustrator.
906 _a7
_bcbc
_corigres
_d3
_encip
_f20
_gy-gencatlg
942 _2ddc
_cBK
_n0
999 _c703
_d703